| 000 | 00000nam##2200000za#4500 |
| 001 | 9.639870 |
| 003 | CaOODSP |
| 005 | 20210624222401 |
| 007 | cr ||||||||||| |
| 008 | 150407|2010||||xxc|||||o f|0| 0 fre|d |
| 040 | |aCaOODSP|bfre |
| 043 | |an-cn--- |
| 086 | 1 |aR44-1/2010F-PDF |
| 110 | 1 |aCanada.|bAffaires indiennes et du Nord. |
| 245 | 13|aLe bien-être des collectivités des Premières nations et inuites : |h[ressource électronique]|banalyse des tendances historiques (1981-2006) |
| 260 | |aOttawa - Ontario : |bAffaires indiennes et du Nord |cAvril 2010. |
| 300 | |a27p.|bgraphiques, tableau |
| 590 | |a12-05-Supp|b2012-03-02 |
| 775 | 08|tFirst nation and Inuit community well-being : |w(CaOODSP)9.695748 |
| 856 | 40|ahttp://publications.gc.ca|qPDF|s192 Ko|uhttps://publications.gc.ca/collections/collection_2012/aadnc-aandc/R44-1-2010-fra.pdf |